Загрузка...
Cases and materials on criminal law /
| Главный автор: | |
|---|---|
| Другие авторы: | |
| Формат: | Printed Book |
| Опубликовано: |
New Delhi:
Lawman,
1995.
|
| Предметы: |
| LEADER | 00510cam a2200169ua 4500 | ||
|---|---|---|---|
| 020 | |a 81-7504-006-8 | ||
| 082 | |a 345 |b DIN/C | ||
| 100 | |a Dine, Janet | ||
| 245 | 1 | 0 | |a Cases and materials on criminal law / |
| 260 | |a New Delhi: |b Lawman, |c 1995. | ||
| 300 | |a xxviii, 596p.. | ||
| 500 | |a Includes index. | ||
| 650 | 0 | |a Criminal law | |
| 700 | 0 | 2 | |a Gobert, James |
| 942 | |c BK | ||
| 999 | |c 11618 |d 11618 | ||
| 952 | |0 0 |1 0 |4 0 |6 345_000000000000000_DIN |7 0 |9 12111 |a KUCL |b KUCL |d 2014-05-23 |l 0 |o 345 DIN/ |p 13495 |r 2014-05-23 |w 2014-05-23 |y BK | ||